[Event "M?R 2020 v rapid ?achu druzstev"]
[Site "Turnov"]
[Date "2020.09.13"]
[Round "4.8"]
[White "Vokoun PAN_A, Jan"]
[Black "Pribyl DPP, Josef"]
[Result "0-1"]
[BlackElo "2256"]
[WhiteElo "2102"]
[LiveChessVersion "1.4.8"]

1. Nf3 {[%clk 0:15:07]} d5 {[%clk 0:15:08]} 2. b4 {[%clk 0:15:10]} Nf6
{[%clk 0:15:10]} 3. Bb2 {[%clk 0:15:14]} e6 {[%clk 0:15:14]} 4. a3
{[%clk 0:15:08]} c5 {[%clk 0:15:12]} 5. bxc5 {[%clk 0:15:10]} Bxc5
{[%clk 0:15:16]} 6. e3 {[%clk 0:15:11]} Nc6 {[%clk 0:15:12]} 7. d4
{[%clk 0:15:06]} Bb6 {[%clk 0:15:07]} 8. Nbd2 {[%clk 0:15:03]} Ba5
{[%clk 0:15:06]} 9. c4 {[%clk 0:14:44]} Ne4 {[%clk 0:15:00]} 10. Qc2
{[%clk 0:13:33]} Qf6 {[%clk 0:14:22]} 11. Bc1 {[%clk 0:12:16]} g5
{[%clk 0:14:14]} 12. h3 {[%clk 0:11:25]} h5 {[%clk 0:14:07]} 13. Bd3
{[%clk 0:11:18]} g4 {[%clk 0:13:32]} 14. hxg4 {[%clk 0:11:21]} hxg4
{[%clk 0:13:35]} 15. Rxh8+ {[%clk 0:11:25]} Qxh8 {[%clk 0:13:39]} 16. Bxe4
{[%clk 0:09:29]} dxe4 {[%clk 0:13:15]} 17. Ng1 {[%clk 0:09:14]} f5
{[%clk 0:13:15]} 18. Bb2 {[%clk 0:07:25]} Qh1 {[%clk 0:12:50]} 19. Kf1
{[%clk 0:07:28]} Bd7 {[%clk 0:12:54]} 20. Nb3 {[%clk 0:06:28]} Bc7
{[%clk 0:12:40]} 21. g3 {[%clk 0:05:26]} O-O-O {[%clk 0:12:20]} 22. Nc5
{[%clk 0:05:14]} Rh8 {[%clk 0:11:56]} 23. d5 {[%clk 0:04:52]} Rh2
{[%clk 0:11:59]} 24. Nxd7 {[%clk 0:02:58]} Qg2+ {[%clk 0:11:56]} 25. Ke1
{[%clk 0:02:26]} Qxg1+ {[%clk 0:11:58]} 26. Kd2 {[%clk 0:02:31]} Qxf2+
{[%clk 0:11:59]} 0-1

[Event "M?R 2020 v rapid ?achu druzstev"]
[Site "Turnov"]
[Date "2020.09.13"]
[Round "5.1"]
[White "Polak MOR_A, Tomas"]
[Black "Vykouk TUR_A, Jan"]
[Result "1-0"]
[BlackElo "2444"]
[WhiteElo "2528"]
[LiveChessVersion "1.4.8"]

1. d4 {[%clk 0:15:08]} Nf6 {[%clk 0:15:09]} 2. c4 {[%clk 0:15:13]} g6
{[%clk 0:15:13]} 3. Nc3 Bg7 4. e4 {[%clk 0:15:20]} d6 {[%clk 0:15:21]} 5. Nf3
{[%clk 0:15:23]} O-O {[%clk 0:15:24]} 6. Be2 {[%clk 0:15:27]} c6 {[%clk 0:15:28]}
7. h3 {[%clk 0:15:17]} a6 {[%clk 0:15:23]} 8. Be3 {[%clk 0:14:50]} b5
{[%clk 0:15:25]} 9. cxb5 {[%clk 0:14:47]} axb5 {[%clk 0:15:26]} 10. a3
{[%clk 0:14:47]} Bb7 {[%clk 0:15:19]} 11. O-O {[%clk 0:14:43]} Nfd7
{[%clk 0:15:18]} 12. Qc2 {[%clk 0:14:26]} Na6 {[%clk 0:15:18]} 13. Rad1
{[%clk 0:13:58]} Rc8 {[%clk 0:14:19]} 14. Qb3 {[%clk 0:13:36]} Qa5
{[%clk 0:14:01]} 15. Ra1 {[%clk 0:12:07]} Rb8 {[%clk 0:13:26]} 16. Qc2
{[%clk 0:12:04]} Rfc8 {[%clk 0:12:54]} 17. Bg5 {[%clk 0:11:53]} Qd8
{[%clk 0:12:50]} 18. Qd2 {[%clk 0:11:53]} Qe8 {[%clk 0:12:41]} 19. Rfe1
{[%clk 0:11:43]} b4 {[%clk 0:11:45]} 20. axb4 {[%clk 0:11:44]} Nxb4
{[%clk 0:11:48]} 21. Ra4 {[%clk 0:10:22]} c5 {[%clk 0:11:42]} 22. dxc5
{[%clk 0:10:10]} dxc5 {[%clk 0:11:46]} 23. Bb5 {[%clk 0:10:04]} Bc6
{[%clk 0:11:50]} 24. Bxc6 {[%clk 0:09:58]} Nxc6 {[%clk 0:11:47]} 25. Bf4
{[%clk 0:09:25]} Rb4 {[%clk 0:11:25]} 26. Rxb4 {[%clk 0:09:24]} cxb4
{[%clk 0:10:13]} 27. Nd5 {[%clk 0:09:12]} Nc5 {[%clk 0:10:00]} 28. Bh6
{[%clk 0:08:07]} Bh8 {[%clk 0:09:33]} 29. Qe3 {[%clk 0:07:53]} Ne6
{[%clk 0:08:51]} 30. e5 {[%clk 0:07:48]} Rd8 {[%clk 0:08:47]} 31. Qe4
{[%clk 0:07:40]} b3 {[%clk 0:08:06]} 32. Rc1 {[%clk 0:07:28]} Rc8
{[%clk 0:06:17]} 33. Rxc6 {[%clk 0:07:14]} Rxc6 {[%clk 0:06:20]} 34. Nxe7+
{[%clk 0:07:17]} Qxe7 {[%clk 0:06:24]} 35. Qxc6 {[%clk 0:07:20]} Qd8
{[%clk 0:06:17]} 36. Qb7 {[%clk 0:06:44]} Qd1+ {[%clk 0:05:14]} 37. Kh2
{[%clk 0:06:48]} Bg7 {[%clk 0:05:01]} 38. Qb8+ {[%clk 0:05:15]} Nf8
{[%clk 0:04:52]} 39. Be3 {[%clk 0:04:36]} Qc2 {[%clk 0:04:08]} 40. Bd4
{[%clk 0:04:13]} Qe4 {[%clk 0:03:31]} 41. Qxb3 {[%clk 0:04:10]} Ne6
{[%clk 0:03:35]} 42. Qb8+ {[%clk 0:04:06]} Bf8 {[%clk 0:03:35]} 43. Be3
{[%clk 0:04:04]} Nf4 {[%clk 0:02:13]} 44. Qd8 {[%clk 0:02:49]} Ne6
{[%clk 0:01:44]} 45. Qh4 {[%clk 0:02:51]} Qb7 {[%clk 0:01:47]} 46. Nd4
{[%clk 0:02:30]} Qxb2 {[%clk 0:01:10]} 47. Nxe6 {[%clk 0:02:31]} fxe6
{[%clk 0:00:18]} 48. Qf6 {[%clk 0:02:16]} Qb3 {[%clk 0:00:21]} 49. Qd8
{[%clk 0:02:12]} Kf7 {[%clk 0:00:09]} 50. Bg5 {[%clk 0:02:07]} Qb5
{[%clk 0:00:07]} 51. Qf6+ {[%clk 0:02:09]} 1-0

[Event "M?R 2020 v rapid ?achu druzstev"]
[Site "Turnov"]
[Date "2020.09.13"]
[Round "5.2"]
[White "Simacek TUR_A, Pavel"]
[Black "Pisk MOR_A, Petr"]
[Result "0-1"]
[BlackElo "2379"]
[WhiteElo "2400"]
[LiveChessVersion "1.4.8"]

1. e4 {[%clk 0:15:07]} c5 {[%clk 0:15:05]} 2. Nf3 {[%clk 0:15:10]} d6
{[%clk 0:15:10]} 3. d4 {[%clk 0:15:02]} cxd4 {[%clk 0:15:10]} 4. Qxd4
{[%clk 0:15:05]} Nc6 {[%clk 0:14:56]} 5. Bb5 {[%clk 0:15:07]} Bd7
{[%clk 0:14:51]} 6. Qe3 {[%clk 0:14:46]} a6 {[%clk 0:14:43]} 7. Bxc6
{[%clk 0:14:48]} Bxc6 {[%clk 0:14:45]} 8. c4 {[%clk 0:14:50]} Nf6
{[%clk 0:14:04]} 9. Nc3 {[%clk 0:14:53]} e6 {[%clk 0:13:51]} 10. O-O
{[%clk 0:14:53]} Be7 {[%clk 0:13:52]} 11. Rd1 {[%clk 0:14:52]} Qc7
{[%clk 0:13:11]} 12. h3 {[%clk 0:14:03]} O-O {[%clk 0:12:33]} 13. b3
{[%clk 0:13:47]} b5 {[%clk 0:12:24]} 14. cxb5 {[%clk 0:13:47]} axb5
{[%clk 0:12:28]} 15. Nd4 {[%clk 0:13:51]} b4 {[%clk 0:12:09]} 16. Na4
{[%clk 0:09:00]} Bxa4 {[%clk 0:09:36]} 17. bxa4 {[%clk 0:09:04]} Rxa4
{[%clk 0:09:38]} 18. Bb2 {[%clk 0:09:08]} Qb7 {[%clk 0:09:16]} 19. f3
{[%clk 0:08:41]} Rfa8 {[%clk 0:08:47]} 20. Qb3 {[%clk 0:08:30]} d5
{[%clk 0:08:21]} 21. e5 {[%clk 0:08:14]} Nd7 {[%clk 0:08:22]} 22. Kh1
{[%clk 0:07:44]} Nc5 {[%clk 0:07:49]} 23. Qe3 {[%clk 0:07:47]} Rxa2
{[%clk 0:07:48]} 24. Rab1 {[%clk 0:07:47]} g6 {[%clk 0:06:01]} 25. Kh2
{[%clk 0:07:02]} b3 {[%clk 0:04:39]} 26. Ne2 {[%clk 0:05:32]} Na4
{[%clk 0:04:01]} 27. Bd4 {[%clk 0:05:35]} b2 {[%clk 0:03:22]} 28. Rd3
{[%clk 0:04:47]} Rb8 {[%clk 0:02:31]} 29. Ba7 {[%clk 0:04:44]} Ra1
{[%clk 0:02:19]} 30. Bxb8 {[%clk 0:04:13]} Rxb1 {[%clk 0:02:09]} 31. Rb3
{[%clk 0:04:16]} Rh1+ {[%clk 0:01:44]} 32. Kxh1 {[%clk 0:03:58]} b1=Q+
{[%clk 0:01:22]} 33. Nc1 {[%clk 0:04:01]} Qxb8 {[%clk 0:00:46]} 0-1

[Event "M?R 2020 v rapid ?achu druzstev"]
[Site "Turnov"]
[Date "2020.09.13"]
[Round "5.3"]
[White "Zeman MOR_A, Matyas"]
[Black "Kraus TUR_A, Tomas"]
[Result "1/2-1/2"]
[BlackElo "2391"]
[WhiteElo "2255"]
[LiveChessVersion "1.4.8"]

1. d4 {[%clk 0:15:07]} Nf6 {[%clk 0:14:42]} 2. Bg5 {[%clk 0:15:07]} d5
{[%clk 0:14:34]} 3. e3 {[%clk 0:14:58]} c6 {[%clk 0:14:04]} 4. Nd2
{[%clk 0:14:11]} Bg4 {[%clk 0:12:42]} 5. Be2 {[%clk 0:13:20]} Bxe2
{[%clk 0:12:28]} 6. Qxe2 {[%clk 0:13:21]} Nbd7 {[%clk 0:12:16]} 7. Ngf3
{[%clk 0:13:07]} e6 {[%clk 0:11:53]} 8. O-O {[%clk 0:12:24]} Be7 {[%clk 0:11:36]}
9. Bxf6 {[%clk 0:11:46]} Nxf6 {[%clk 0:08:59]} 10. e4 {[%clk 0:11:47]} dxe4
{[%clk 0:08:55]} 11. Nxe4 {[%clk 0:11:50]} Nxe4 {[%clk 0:08:03]} 12. Qxe4
{[%clk 0:11:53]} O-O {[%clk 0:08:06]} 13. c3 {[%clk 0:10:48]} Bf6
{[%clk 0:07:30]} 14. Rfd1 {[%clk 0:10:03]} Qd5 {[%clk 0:06:53]} 15. Qxd5
{[%clk 0:08:48]} cxd5 {[%clk 0:06:39]} 16. a4 {[%clk 0:08:50]} Rfc8
{[%clk 0:06:11]} 17. Ne1 {[%clk 0:08:52]} Be7 {[%clk 0:05:38]} 1/2-1/2

[Event "M?R 2020 v rapid ?achu druzstev"]
[Site "Turnov"]
[Date "2020.09.13"]
[Round "5.4"]
[White "Studnicka TUR_A, Tomas"]
[Black "Obsivac MOR_A, Josef"]
[Result "1/2-1/2"]
[BlackElo "2257"]
[WhiteElo "2336"]
[LiveChessVersion "1.4.8"]

1. d4 {[%clk 0:15:08]} Nf6 {[%clk 0:15:09]} 2. Bf4 {[%clk 0:15:12]} d5
{[%clk 0:15:06]} 3. e3 {[%clk 0:15:13]} c5 {[%clk 0:15:07]} 4. c3
{[%clk 0:15:17]} Qb6 {[%clk 0:14:44]} 5. Qc2 {[%clk 0:14:01]} g6 {[%clk 0:14:12]}
6. Nd2 {[%clk 0:13:27]} Bf5 {[%clk 0:14:04]} 7. Qb3 {[%clk 0:13:31]} c4
{[%clk 0:13:35]} 8. Qxb6 {[%clk 0:13:34]} axb6 {[%clk 0:13:39]} 9. Ne2
{[%clk 0:13:26]} b5 {[%clk 0:13:34]} 10. a3 {[%clk 0:13:27]} Bd3 {[%clk 0:12:45]}
11. Ng3 {[%clk 0:12:55]} Bxf1 {[%clk 0:12:46]} 12. Kxf1 {[%clk 0:12:59]} Nc6
{[%clk 0:12:32]} 13. Re1 {[%clk 0:13:01]} e6 {[%clk 0:11:10]} 14. h4
{[%clk 0:12:18]} h6 {[%clk 0:07:42]} 15. e4 {[%clk 0:12:08]} Kd7 {[%clk 0:07:32]}
16. Nf3 {[%clk 0:11:51]} Bg7 {[%clk 0:07:02]} 17. h5 {[%clk 0:09:05]} g5
{[%clk 0:06:53]} 18. Be5 {[%clk 0:08:46]} Rhg8 {[%clk 0:04:29]} 19. Bxf6
{[%clk 0:08:14]} Bxf6 {[%clk 0:04:32]} 20. exd5 {[%clk 0:08:18]} exd5
{[%clk 0:04:32]} 21. Nf5 {[%clk 0:08:22]} g4 {[%clk 0:03:57]} 22. Ne5+
{[%clk 0:07:26]} Bxe5 23. dxe5 {[%clk 0:07:29]} Ke6 {[%clk 0:02:55]} 24. Nd6
{[%clk 0:06:39]} Nxe5 {[%clk 0:02:30]} 25. Nxf7 {[%clk 0:03:55]} Kxf7
{[%clk 0:02:27]} 26. Rxe5 {[%clk 0:04:00]} Rad8 {[%clk 0:02:31]} 27. Ke2
{[%clk 0:04:03]} Rge8 {[%clk 0:02:28]} 28. Rxe8 {[%clk 0:04:06]} Rxe8+
{[%clk 0:02:32]} 29. Kd2 {[%clk 0:04:10]} Kf6 {[%clk 0:02:20]} 30. f3
{[%clk 0:03:03]} Kg5 {[%clk 0:02:02]} 31. fxg4 {[%clk 0:03:05]} Re4
{[%clk 0:01:57]} 32. Re1 {[%clk 0:01:46]} Rxe1 {[%clk 0:01:36]} 33. Kxe1
{[%clk 0:01:50]} Kxg4 {[%clk 0:01:40]} 34. Kf2 {[%clk 0:01:54]} Kxh5
{[%clk 0:01:44]} 35. Kf3 {[%clk 0:01:59]} Kg5 {[%clk 0:01:42]} 36. g4
{[%clk 0:02:02]} Kh4 {[%clk 0:01:16]} 37. Kf4 {[%clk 0:02:05]} Kh3
{[%clk 0:01:19]} 38. Kf3 {[%clk 0:02:09]} Kh4 {[%clk 0:01:20]} 39. Kf4
{[%clk 0:02:13]} Kh3 {[%clk 0:01:18]} 40. Kf3 {[%clk 0:02:18]} Kh4
{[%clk 0:01:01]} 1/2-1/2

[Event "M?R 2020 v rapid ?achu druzstev"]
[Site "Turnov"]
[Date "2020.09.13"]
[Round "5.5"]
[White "Cech TUR_B, Pavel"]
[Black "Pulpan DPP, Jakub"]
[Result "0-1"]
[BlackElo "2493"]
[WhiteElo "2406"]
[LiveChessVersion "1.4.8"]

1. d4 {[%clk 0:15:07]} Nf6 {[%clk 0:15:09]} 2. Bg5 {[%clk 0:15:11]} d5
{[%clk 0:15:13]} 3. Nd2 {[%clk 0:15:15]} b6 {[%clk 0:14:54]} 4. e3
{[%clk 0:15:13]} Bb7 {[%clk 0:14:58]} 5. Ngf3 {[%clk 0:15:10]} g6
{[%clk 0:14:58]} 6. Bxf6 {[%clk 0:15:04]} exf6 {[%clk 0:15:01]} 7. c4
{[%clk 0:15:07]} dxc4 {[%clk 0:15:01]} 8. Bxc4 {[%clk 0:15:11]} Bg7
{[%clk 0:15:04]} 9. h4 {[%clk 0:15:07]} h5 {[%clk 0:15:03]} 10. Qc2
{[%clk 0:15:10]} f5 {[%clk 0:15:03]} 11. Ng5 {[%clk 0:14:55]} O-O
{[%clk 0:14:12]} 12. Ndf3 {[%clk 0:14:22]} Bd5 {[%clk 0:13:52]} 13. O-O
{[%clk 0:13:14]} c6 {[%clk 0:13:36]} 14. Rac1 {[%clk 0:13:10]} Bxf3
{[%clk 0:12:52]} 15. Nxf3 {[%clk 0:12:58]} Nd7 {[%clk 0:12:54]} 16. Ba6
{[%clk 0:11:59]} c5 {[%clk 0:12:51]} 17. Rfd1 {[%clk 0:12:01]} Qe7
{[%clk 0:12:30]} 18. Qa4 {[%clk 0:11:58]} Rad8 {[%clk 0:11:30]} 19. Bb5
{[%clk 0:11:24]} Nf6 {[%clk 0:10:59]} 20. dxc5 {[%clk 0:11:25]} Rxd1+
{[%clk 0:11:02]} 21. Qxd1 {[%clk 0:11:23]} bxc5 {[%clk 0:11:04]} 22. Qc2
{[%clk 0:11:09]} Rd8 {[%clk 0:10:20]} 23. Ng5 {[%clk 0:09:54]} Bh6
{[%clk 0:09:16]} 24. Bc6 {[%clk 0:09:57]} Ng4 {[%clk 0:08:34]} 25. Bf3
{[%clk 0:09:40]} Ne5 {[%clk 0:06:25]} 26. Be2 {[%clk 0:09:05]} Bxg5
{[%clk 0:05:58]} 27. hxg5 {[%clk 0:09:09]} c4 {[%clk 0:05:26]} 28. Bxc4
{[%clk 0:08:34]} Qxg5 {[%clk 0:04:53]} 29. f4 {[%clk 0:08:17]} Qg3
{[%clk 0:02:42]} 30. fxe5 {[%clk 0:08:13]} Qxe3+ {[%clk 0:02:46]} 31. Kh1
{[%clk 0:08:17]} Rd4 {[%clk 0:02:43]} 32. Bxf7+ {[%clk 0:07:53]} Kg7
{[%clk 0:02:42]} 33. Qc4 {[%clk 0:07:57]} Rxc4 {[%clk 0:02:43]} 0-1

[Event "M?R 2020 v rapid ?achu druzstev"]
[Site "Turnov"]
[Date "2020.09.13"]
[Round "5.6"]
[White "Kourousis DPP, Epameinondas"]
[Black "Sodoma TUR_B, Jan"]
[Result "1-0"]
[BlackElo "2324"]
[WhiteElo "2418"]
[LiveChessVersion "1.4.8"]

1. d4 {[%clk 0:15:07]} d5 {[%clk 0:15:03]} 2. c4 {[%clk 0:15:09]} e6
{[%clk 0:15:06]} 3. g3 {[%clk 0:15:12]} c6 {[%clk 0:15:03]} 4. Nd2
{[%clk 0:14:58]} f5 {[%clk 0:15:06]} 5. Bg2 {[%clk 0:14:56]} Nf6 {[%clk 0:15:09]}
6. Nh3 {[%clk 0:15:00]} Bd6 {[%clk 0:15:12]} 7. O-O {[%clk 0:15:01]} O-O
{[%clk 0:15:14]} 8. Nf3 {[%clk 0:14:50]} b6 {[%clk 0:15:05]} 9. Bf4
{[%clk 0:14:40]} Bb7 {[%clk 0:14:51]} 10. Rc1 {[%clk 0:14:35]} Qe7
{[%clk 0:14:45]} 11. Bxd6 {[%clk 0:13:07]} Qxd6 {[%clk 0:14:48]} 12. Nf4
{[%clk 0:13:11]} Nbd7 {[%clk 0:14:36]} 13. Qb3 {[%clk 0:12:48]} Ne4
{[%clk 0:13:55]} 14. Nd3 {[%clk 0:09:23]} Ba6 {[%clk 0:13:33]} 15. cxd5
{[%clk 0:06:46]} exd5 {[%clk 0:13:12]} 16. Qa4 {[%clk 0:05:45]} Bb5
{[%clk 0:13:05]} 17. Qc2 {[%clk 0:05:45]} Rac8 {[%clk 0:12:40]} 18. Rfd1
{[%clk 0:05:30]} Bxd3 {[%clk 0:12:33]} 19. exd3 {[%clk 0:05:24]} Nef6
{[%clk 0:12:28]} 20. Qa4 {[%clk 0:05:06]} a5 {[%clk 0:12:11]} 21. Re1
{[%clk 0:04:59]} Rfe8 {[%clk 0:12:07]} 22. Rxe8+ {[%clk 0:04:47]} Nxe8
{[%clk 0:12:09]} 23. Re1 {[%clk 0:04:05]} Nc7 {[%clk 0:12:01]} 24. Ne5
{[%clk 0:04:03]} Nxe5 {[%clk 0:11:47]} 25. Rxe5 {[%clk 0:02:59]} Re8
{[%clk 0:11:01]} 26. Bxd5+ {[%clk 0:02:51]} cxd5 {[%clk 0:09:02]} 27. Rxe8+
{[%clk 0:02:55]} Nxe8 {[%clk 0:09:06]} 28. Qxe8+ {[%clk 0:02:58]} Qf8
{[%clk 0:09:10]} 29. Qe6+ {[%clk 0:02:58]} Qf7 {[%clk 0:09:05]} 30. Qxb6
{[%clk 0:03:01]} Qe7 {[%clk 0:09:01]} 31. Qxa5 {[%clk 0:02:56]} Qe6
{[%clk 0:08:53]} 32. Qd8+ {[%clk 0:02:59]} Kf7 {[%clk 0:08:58]} 33. Qc7+
{[%clk 0:03:03]} Kg6 {[%clk 0:09:00]} 34. Qe5 {[%clk 0:02:55]} Qc6
{[%clk 0:09:04]} 35. h4 {[%clk 0:02:46]} Qc1+ {[%clk 0:09:03]} 36. Kg2
{[%clk 0:02:48]} Qxb2 {[%clk 0:09:05]} 37. Qe6+ {[%clk 0:02:42]} 1-0

[Event "M?R 2020 v rapid ?achu druzstev"]
[Site "Turnov"]
[Date "2020.09.13"]
[Round "5.7"]
[White "Liska TUR_B, Jiri"]
[Black "Burdalev DPP, Kirill"]
[Result "1-0"]
[BlackElo "2299"]
[WhiteElo "2224"]
[LiveChessVersion "1.4.8"]

1. e4 {[%clk 0:15:07]} Nf6 {[%clk 0:15:09]} 2. e5 {[%clk 0:15:09]} Nd5
{[%clk 0:15:14]} 3. d4 {[%clk 0:14:52]} d6 {[%clk 0:15:18]} 4. Nf3
{[%clk 0:14:36]} dxe5 {[%clk 0:15:21]} 5. dxe5 {[%clk 0:14:39]} Nc6
{[%clk 0:15:08]} 6. Bb5 {[%clk 0:14:05]} Bg4 {[%clk 0:15:07]} 7. h3
{[%clk 0:13:55]} Bxf3 {[%clk 0:14:32]} 8. Qxf3 {[%clk 0:13:56]} Qd7
{[%clk 0:14:01]} 9. O-O {[%clk 0:13:26]} a6 {[%clk 0:13:55]} 10. Ba4
{[%clk 0:13:16]} b5 {[%clk 0:11:03]} 11. Bb3 {[%clk 0:10:07]} e6 {[%clk 0:11:07]}
12. a4 {[%clk 0:09:33]} Rd8 {[%clk 0:10:10]} 13. axb5 {[%clk 0:09:21]} Nd4
{[%clk 0:09:34]} 14. Qd3 {[%clk 0:08:52]} Nxb3 {[%clk 0:07:00]} 15. Qxb3
{[%clk 0:08:38]} axb5 {[%clk 0:06:26]} 16. Bg5 {[%clk 0:08:08]} Rc8
{[%clk 0:06:10]} 17. Nc3 {[%clk 0:06:51]} c6 {[%clk 0:05:08]} 18. Ne4
{[%clk 0:06:06]} h6 {[%clk 0:04:34]} 19. Bd2 {[%clk 0:03:20]} Be7
{[%clk 0:04:34]} 20. Qg3 {[%clk 0:03:21]} Kf8 {[%clk 0:03:51]} 21. Be3
{[%clk 0:02:48]} c5 {[%clk 0:03:26]} 22. Ra5 {[%clk 0:01:33]} g6 {[%clk 0:03:11]}
23. b3 {[%clk 0:01:19]} Kg7 {[%clk 0:02:53]} 24. Rd1 {[%clk 0:00:41]} c4
{[%clk 0:01:14]} 25. Bd4 {[%clk 0:00:25]} Ra8 {[%clk 0:00:47]} 26. Nf6
{[%clk 0:00:24]} Bxf6 {[%clk 0:00:40]} 27. exf6+ {[%clk 0:00:26]} Kh7
{[%clk 0:00:44]} 28. Rda1 {[%clk 0:00:21]} Rxa5 29. Rxa5 {[%clk 0:00:24]} Rc8
{[%clk 0:00:19]} 30. Kh2 {[%clk 0:00:22]} cxb3 {[%clk 0:00:12]} 31. cxb3
{[%clk 0:00:16]} Rc7 {[%clk 0:00:13]} 32. Qe5 {[%clk 0:00:15]} Rc8
{[%clk 0:00:07]} 33. Ra7 {[%clk 0:00:12]} Rc7 {[%clk 0:00:11]} 34. Ra8
{[%clk 0:00:17]} Rc8 {[%clk 0:00:16]} 35. Ra7 {[%clk 0:00:10]} Rc7
{[%clk 0:00:20]} 36. Ra6 {[%clk 0:00:14]} Rc6 {[%clk 0:00:24]} 37. Ra1
{[%clk 0:00:11]} Rc7 {[%clk 0:00:27]} 38. h4 {[%clk 0:00:13]} Nb4
{[%clk 0:00:30]} 39. Ra8 {[%clk 0:00:09]} Nc6 {[%clk 0:00:34]} 40. Qe3
{[%clk 0:00:09]} Qxd4 {[%clk 0:00:35]} 41. Rh8+ {[%clk 0:00:12]} 1-0

[Event "M?R 2020 v rapid ?achu druzstev"]
[Site "Turnov"]
[Date "2020.09.13"]
[Round "5.8"]
[White "Pribyl DPP, Josef"]
[Black "Kucera TUR_B, Petr"]
[Result "0-1"]
[BlackElo "2271"]
[WhiteElo "2256"]
[LiveChessVersion "1.4.8"]

1. e4 {[%clk 0:15:09]} d5 {[%clk 0:15:05]} 2. exd5 {[%clk 0:15:12]} Nf6
{[%clk 0:15:08]} 3. c4 {[%clk 0:15:08]} c6 {[%clk 0:15:11]} 4. d4
{[%clk 0:15:10]} cxd5 {[%clk 0:15:14]} 5. Nc3 {[%clk 0:15:14]} Nc6
{[%clk 0:15:13]} 6. Nf3 {[%clk 0:15:17]} Be6 {[%clk 0:15:17]} 7. c5
{[%clk 0:15:19]} g6 {[%clk 0:15:19]} 8. Bb5 {[%clk 0:15:20]} Bg7 {[%clk 0:14:57]}
9. Ne5 {[%clk 0:14:51]} Bd7 {[%clk 0:14:34]} 10. Nxd7 {[%clk 0:13:53]} Nxd7
{[%clk 0:14:28]} 11. Be3 {[%clk 0:12:37]} e6 {[%clk 0:14:12]} 12. Qa4
{[%clk 0:12:14]} Qc8 {[%clk 0:12:53]} 13. O-O {[%clk 0:12:15]} O-O
{[%clk 0:12:57]} 14. Rfd1 {[%clk 0:12:12]} a6 {[%clk 0:12:35]} 15. Bf1
{[%clk 0:11:59]} Ne7 {[%clk 0:11:07]} 16. b4 {[%clk 0:11:22]} Nf5
{[%clk 0:11:00]} 17. Qb3 {[%clk 0:11:24]} Nf6 {[%clk 0:10:17]} 18. Na4
{[%clk 0:11:10]} Qc7 {[%clk 0:10:03]} 19. h3 {[%clk 0:11:03]} Nxe3
{[%clk 0:09:50]} 20. Qxe3 {[%clk 0:11:04]} Rfe8 {[%clk 0:09:45]} 21. Nb6
{[%clk 0:11:06]} Rad8 {[%clk 0:09:22]} 22. b5 {[%clk 0:11:09]} a5
{[%clk 0:08:39]} 23. Rac1 {[%clk 0:10:33]} Ne4 {[%clk 0:08:20]} 24. Bd3
{[%clk 0:10:12]} f5 {[%clk 0:08:06]} 25. Qe1 {[%clk 0:09:23]} Bxd4
{[%clk 0:07:46]} 26. Bxe4 {[%clk 0:08:45]} dxe4 {[%clk 0:07:46]} 27. Kh1
{[%clk 0:08:49]} Bxc5 {[%clk 0:07:28]} 28. Rxd8 {[%clk 0:08:37]} Rxd8
{[%clk 0:06:53]} 29. Na4 {[%clk 0:08:38]} Bxf2 {[%clk 0:04:53]} 30. Rxc7
{[%clk 0:08:36]} Bxe1 {[%clk 0:04:56]} 31. Nc5 {[%clk 0:08:40]} Bg3
{[%clk 0:04:39]} 0-1

[Event "M?R 2020 v rapid ?achu druzstev"]
[Site "Turnov"]
[Date "2020.09.13"]
[Round "6.1"]
[White "Petr LIN, Martin"]
[Black "Polak MOR_A, Tomas"]
[Result "1/2-1/2"]
[BlackElo "2528"]
[WhiteElo "2491"]
[LiveChessVersion "1.4.8"]

1. e4 {[%clk 0:15:06]} e5 {[%clk 0:15:03]} 2. f4 {[%clk 0:14:59]} d5
{[%clk 0:15:02]} 3. exd5 {[%clk 0:15:01]} c6 {[%clk 0:15:06]} 4. Nc3
{[%clk 0:14:41]} exf4 {[%clk 0:14:58]} 5. Nf3 {[%clk 0:14:34]} Bd6
{[%clk 0:14:54]} 6. d4 {[%clk 0:14:18]} Ne7 {[%clk 0:14:51]} 7. dxc6
{[%clk 0:14:01]} Nbxc6 {[%clk 0:14:53]} 8. Bd3 {[%clk 0:13:59]} O-O
{[%clk 0:14:42]} 9. Ne4 {[%clk 0:13:57]} Nb4 {[%clk 0:14:15]} 10. Nxd6
{[%clk 0:12:15]} Qxd6 {[%clk 0:14:09]} 11. O-O {[%clk 0:12:02]} Nxd3
{[%clk 0:13:38]} 12. Qxd3 {[%clk 0:12:05]} Bf5 {[%clk 0:13:38]} 13. Qb3
{[%clk 0:12:07]} Be4 {[%clk 0:12:21]} 14. Bd2 {[%clk 0:10:34]} Bxf3
{[%clk 0:11:39]} 15. Rxf3 {[%clk 0:10:35]} Qxd4+ {[%clk 0:11:33]} 16. Rf2
{[%clk 0:10:39]} Ng6 {[%clk 0:10:55]} 17. Bc3 {[%clk 0:10:13]} Qe4
{[%clk 0:09:58]} 18. Qb5 {[%clk 0:09:21]} a6 {[%clk 0:09:28]} 19. Qg5
{[%clk 0:08:50]} Rfe8 {[%clk 0:09:12]} 20. Raf1 {[%clk 0:08:52]} f6
{[%clk 0:08:47]} 21. Qg4 {[%clk 0:08:13]} Rad8 {[%clk 0:08:27]} 22. h4
{[%clk 0:08:14]} f3 {[%clk 0:08:11]} 23. gxf3 {[%clk 0:06:36]} Qxg4+
{[%clk 0:07:47]} 24. fxg4 {[%clk 0:06:39]} Re4 {[%clk 0:06:40]} 25. g5
{[%clk 0:06:32]} Rg4+ {[%clk 0:06:38]} 26. Kh2 {[%clk 0:06:21]} Rxh4+
{[%clk 0:06:29]} 27. Kg3 {[%clk 0:06:25]} Rd5 {[%clk 0:05:08]} 28. gxf6
{[%clk 0:06:27]} Rg5+ {[%clk 0:05:06]} 29. Kf3 {[%clk 0:06:31]} Rf5+
{[%clk 0:05:03]} 30. Ke3 {[%clk 0:06:20]} Rxf2 {[%clk 0:04:44]} 31. Rxf2
{[%clk 0:06:21]} gxf6 {[%clk 0:04:32]} 32. Rxf6 {[%clk 0:06:11]} Rc4
{[%clk 0:04:26]} 33. Rb6 {[%clk 0:05:16]} Rc7 {[%clk 0:04:29]} 34. Ke4
{[%clk 0:05:19]} Kf7 {[%clk 0:04:18]} 35. a4 {[%clk 0:04:39]} Ne7
{[%clk 0:03:35]} 36. Rh6 {[%clk 0:04:25]} Rc4+ {[%clk 0:03:25]} 37. Kd3
{[%clk 0:04:18]} Rxa4 {[%clk 0:03:27]} 38. Rxh7+ {[%clk 0:04:17]} 1/2-1/2

[Event "M?R 2020 v rapid ?achu druzstev"]
[Site "Turnov"]
[Date "2020.09.13"]
[Round "6.2"]
[White "Pisk MOR_A, Petr"]
[Black "Turner LIN, Radek"]
[Result "1-0"]
[BlackElo "2024"]
[WhiteElo "2379"]
[LiveChessVersion "1.4.8"]

1. e4 {[%clk 0:15:01]} e6 {[%clk 0:15:08]} 2. d4 {[%clk 0:14:51]} d5
{[%clk 0:15:11]} 3. exd5 {[%clk 0:14:33]} exd5 {[%clk 0:15:12]} 4. c4
{[%clk 0:14:37]} Nf6 {[%clk 0:14:58]} 5. Nc3 {[%clk 0:14:39]} Be7
{[%clk 0:14:56]} 6. h3 {[%clk 0:14:34]} O-O {[%clk 0:14:56]} 7. Nf3
{[%clk 0:14:37]} dxc4 {[%clk 0:14:55]} 8. Bxc4 {[%clk 0:14:39]} Bf5
{[%clk 0:14:59]} 9. O-O {[%clk 0:14:36]} Nbd7 {[%clk 0:15:01]} 10. Re1
{[%clk 0:14:14]} Nb6 {[%clk 0:14:53]} 11. Bb3 {[%clk 0:14:17]} Bb4
{[%clk 0:14:57]} 12. Ne5 {[%clk 0:14:13]} Nbd5 {[%clk 0:14:45]} 13. Qf3
{[%clk 0:14:10]} Bxc3 {[%clk 0:14:23]} 14. bxc3 {[%clk 0:14:03]} Bg6
{[%clk 0:12:40]} 15. Ba3 {[%clk 0:12:40]} Re8 {[%clk 0:12:31]} 16. Nxg6
{[%clk 0:12:42]} hxg6 {[%clk 0:12:29]} 17. Rxe8+ {[%clk 0:12:40]} 1-0